LEADER 01010nam a2200205 i 4500 001 000000063339 003 CaOOAMICUS 005 20130711000000.0 008 130711s1936 xx u000 u lat u 013 $a34511 040 $aSeMil$bita 100 1 $aStorff, Hugolinus Ioseph .$0(OLS)http://semarc/name/32029 245 10$aDe natura transsubstantiationis iuxta I. Duns Scotum /$cP. Hugolinus Ioseph Storff , O. F. M. Prov. Californiae, Ex-Def. Gen. 260 $aAd Claras Aquas (Quaracchi) :$bExypographia Collegii S. Bonaventurae,$c1936. 300 $aXI, 234 p. ;$c24 cm. 650 4$aDuns Scoto, Giovanni <1265-1308> - Atti di congressi.$0(OLS)http://semarc/subject/48208 850 $aSeMil 852 $aSeMil$W1$xVenegono$y1$m2M IV 34$j29492$B29492$CSeMilBibl$Z2$F29495 $81 996 $6245$aDe natura transsubstantiationis iuxta I. Duns Scotum$9(OLS)http://semarc/title/100011 996 $6260$aAd Claras Aquas (Quaracchi) :$bExypographia Collegii S. Bonaventurae$9(OLS)http://semarc/publisher/42459 LEADER 01365nam a2200277 i 4500 001 000000043531 003 CaOOAMICUS 005 20090820000000.0 008 090820s1972 gw u000 u ger u 013 $a14701 020 $a3-511-04226-7 040 $aSeMil$bita 100 1 $aLang, August,$d<1867-1945>.$0(OLS)http://semarc/name/21622 245 14$aDer Evangelienkommentar Martin Butzers und die Grundzüge seiner Theologie /$cAugust Lang. 260 $aAalen :$bScientia Verlag,$c1972. 300 $aX, 471 p. ;$c21 cm. 490 0 $aStudien zur Geschichte der Theologie und der Kirche ;$vBd.2.Hft. 2 500 $aRipr. facs. dell'ed.: Leipzig : Dieterich, 1900. 600 14$aBucer, Martin <1491-1551>.$0(OLS)http://semarc/subject/9307 650 4$aBibbia. Nuovo Testamento. Vangeli - Commentari, studi, critica, interpretazioni.$0(OLS)http://semarc/subject/537 830 0$aStudien zur Geschichte der Theologie und der Kirche ;$vBd.2.Hft. 2.$0(OLS)http://semarc/title/64015 850 $aSeMil 852 $aSeMil$W1$xVenegono$y1$m2B II 356$j9686$B9686$CSeMilBibl$Z2$F9686 $81 996 $6020$a3-511-04226-7$9(OLS)http://semarc/number/15113 996 $6245$aDer Evangelienkommentar Martin Butzers und die Grundzüge seiner Theologie$9(OLS)http://semarc/title/64019 996 $6260$aAalen :$bScientia Verlag$9(OLS)http://semarc/publisher/30333